Loading...
The History of Don Quixotedela Mancha
| Format: | Printed Book |
|---|---|
| Published: |
Chicago;
William Benton;
1952
|
| Subjects: |
| LEADER | 00452nam a22001217a 4500 | ||
|---|---|---|---|
| 082 | |a 030 |b CER/H J2 Vol-29 | ||
| 245 | |a The History of Don Quixotedela Mancha | ||
| 260 | |a Chicago; |b William Benton; |c 1952 | ||
| 300 | |a 429p. | ||
| 650 | |a English; Encyclopedia |9 319402 | ||
| 942 | |c BK | ||
| 999 | |c 70707 |d 70707 | ||
| 952 | |0 0 |1 0 |4 0 |6 030_000000000000000_CER_H_J2_VOL29 |7 0 |8 Ency |9 83663 |a MAL |b MAL |d 2016-12-22 |e 15405 |l 0 |o 030 CER/H J2 Vol-29 |p MAL015405 |r 2016-12-22 |t 1 |w 2016-12-22 |y BK | ||